ბათუმის შოთა რუსთაველის სახელმწიფო უნივერსიტეტის ბიბლიოთეკა

Prime Time 2. Workbook &Grammar Book (ბიბ.ჩანაწერი № 51273)

000 -LEADER
fixed length control field 00593nam a2200229Ia 4500
001 - CONTROL NUMBER
control field 18235
003 - CONTROL NUMBER IDENTIFIER
control field GE_BSU
008 - FIXED-LENGTH DATA ELEMENTS--GENERAL INFORMATION
fixed length control field 181216s||||||||xx |||||||||||||| ||und||
020 ## - INTERNATIONAL STANDARD BOOK NUMBER
International Standard Book Number 9781780984469
040 ## - CATALOGING SOURCE
Transcribing agency GE_BSU
100 ## - MAIN ENTRY--PERSONAL NAME
Personal name Evans, Virginia. Dooley,Jenny
245 ## - TITLE STATEMENT
Title Prime Time 2. Workbook &Grammar Book
260 ## - PUBLICATION, DISTRIBUTION, ETC.
Place of publication, distribution, etc. Newbury
260 ## - PUBLICATION, DISTRIBUTION, ETC.
Name of publisher, distributor, etc. Express Publishing
260 ## - PUBLICATION, DISTRIBUTION, ETC.
Date of publication, distribution, etc. 2012
300 ## - PHYSICAL DESCRIPTION
Extent 134p.ill.30cm.
653 ## - INDEX TERM--UNCONTROLLED
Uncontrolled term Prime Time 2
653 ## - INDEX TERM--UNCONTROLLED
Uncontrolled term Student's Book
653 ## - INDEX TERM--UNCONTROLLED
Uncontrolled term ინგლისური ენა (გრამატიკა)
942 ## - ADDED ENTRY ELEMENTS (KOHA)
Koha item type წიგნი
ეგზემპლარები
Withdrawn status Lost status Damaged status Not for loan Date acquired Barcode Date last seen Price effective from Koha item type
        2018-12-17 46475 2018-12-17 2018-12-17 წიგნი
        2018-12-17 46476 2018-12-17 2018-12-17 წიგნი
        2018-12-17 46477 2018-12-17 2018-12-17 წიგნი
        2018-12-17 46478 2018-12-17 2018-12-17 წიგნი
        2018-12-17 46479 2018-12-17 2018-12-17 წიგნი
        2018-12-17 46480 2018-12-17 2018-12-17 წიგნი
        2018-12-17 46481 2018-12-17 2018-12-17 წიგნი
        2018-12-17 46482 2018-12-17 2018-12-17 წიგნი
        2018-12-17 46900 2018-12-17 2018-12-17 წიგნი
        2018-12-17 46899 2018-12-17 2018-12-17 წიგნი